000
00333nam a2200145Ia 4500
001
R-523
003
CODICE-MESSINA
005
20260212102453.0
008
260211s9999 xx 000 0 und d
040
_c
importazione_messina
100
_a
Manlio Cangni
245
0
_a
Allegri , Gioventu'
260
_b
Rizzoli
942
_2
ddc
_c
BK
999
_c
27008
_d
27008